Airfoil Shape Optimization by Analytical Methods inthe transonic Region (Record no. 326460)
[ view plain ]
| 000 -LEADER | |
|---|---|
| fixed length control field | 00403 a2200133 4500 |
| 001 - CONTROL NUMBER | |
| control field | 91387 |
| 082 ## - DEWEY DECIMAL CLASSIFICATION NUMBER | |
| Classification number | PR 1283 |
| 090 ## - LOCALLY ASSIGNED LC-TYPE CALL NUMBER (OCLC); LOCAL CALL NUMBER (RLIN) | |
| -- | 43511 |
| -- | 43510 |
| 100 ## - MAIN ENTRY--PERSONAL NAME | |
| Personal name | Faisal Bashir; Prof Zubair and Abid Ali Khan (Advisors) |
| 245 ## - TITLE STATEMENT | |
| Title | Airfoil Shape Optimization by Analytical Methods inthe transonic Region |
| Number of part/section of a work | 49 "A" EC |
| 260 ## - PUBLICATION, DISTRIBUTION, ETC. | |
| Place of publication, distribution, etc. | Karachi |
| Name of publisher, distributor, etc. | NED University |
| Date of publication, distribution, etc. | 1998 |
| 300 ## - PHYSICAL DESCRIPTION | |
| Extent | 70p |
| 500 ## - GENERAL NOTE | |
| General note | BE Project Reports |
| 942 ## - ADDED ENTRY ELEMENTS (KOHA) | |
| Institution code [OBSOLETE] | CAE NUST |
| Call number prefix | PR 1283 |
| Withdrawn status | Lost status | Damaged status | Not for loan | Collection code | Permanent Location | Current Location | Date acquired | Total Checkouts | Full call number | Barcode | Date last seen | Price effective from | Koha item type |
|---|---|---|---|---|---|---|---|---|---|---|---|---|---|
| College of Aeronautical Engineering (CAE) | College of Aeronautical Engineering (CAE) | 04/03/2017 | PR 1283 | CAEPR-1283 | 04/05/2017 | 04/05/2017 | Book |
